[Event "HUN-chT 1011"]
[Site "Hungary"]
[Date "2010.11.20"]
[Round "3"]
[White "Medvegy, Zoltan"]
[Black "Lukacs, Peter"]
[Result "1-0"]
[WhiteElo "2531"]
[BlackElo "2414"]
[PlyCount "121"]
[EventDate "2010.10.10"]
[EventType "team-tourn"]
[EventRounds "11"]
[EventCountry "HUN"]
[SourceTitle "EXT 2012"]
[Source "ChessBase"]
[SourceDate "2011.11.24"]
[SourceVersion "1"]
[SourceVersionDate "2011.11.24"]
[SourceQuality "1"]
[WhiteTeam "Aquaprofit"]
[BlackTeam "Haladas"]
[WhiteTeamCountry "HUN"]
[BlackTeamCountry "HUN"]

1. d4 d5 2. c4 c6 3. Nc3 Nf6 4. e3 e6 5. Nf3 a6 6. Qc2 c5 7. cxd5 exd5 8. Be2 Nc6 9. Ne5 Qc7 10. Nxc6 bxc6 11. Bd2 cxd4 12. exd4 h6 13. 0-0-0 Bd6 14. Bd3 0-0 15. h3 a5 16. g4 Ba6 17. Rhg1 Bf4 18. Bxf4 Qxf4+ 19. Qd2 Qxd2+ 20. Kxd2 Bxd3 21. Kxd3 a4 22. Rde1 Rfb8 23. Re2 Rb4 24. a3 Rb7 25. Rc1 Nd7 26. Na2 Rb3+ 27. Rc3 c5 28. Rxb3 c4+ 29. Kd2 cxb3 30. Nb4 Nb6 31. Nd3 f5 32. Kc3 fxg4 33. hxg4 Rf8 34. Kb4 Rb8 35. Kc5 Nd7+ 36. Kxd5 Nf6+ 37. Kc4 Nxg4 38. f3 Nf6 39. Nc5 Ra8 40. d5 Rc8 41. Kd4 h5 42. d6 h4 43. Rh2 Rc6 44. Rxh4 Rxd6+ 45. Kc4 Nd7 46. Nxd7 Rxd7 47. Kb5 Rd2 48. Kxa4 Rxb2 49. Rb4 Re2 50. Rxb3 Re8 51. Rb4 Ra8+ 52. Kb3 Kf7 53. Re4 Kf6 54. a4 g5 55. Re3 Kf5 56. Kb4 Kf4 57. Ra3 Ke5 58. Kc5 Rc8+ 59. Kb6 Kd5 60. a5 Rb8+ 61. Kc7 1-0

[Event "HUN-chT 0910"]
[Site "Hungary"]
[Date "2010.02.14"]
[Round "6"]
[White "Lukacs, Peter"]
[Black "Berescu, Alin Mile"]
[Result "1/2-1/2"]
[WhiteElo "2414"]
[BlackElo "2475"]
[PlyCount "62"]
[EventDate "2009.11.08"]
[EventType "team-tourn"]
[EventRounds "11"]
[EventCountry "HUN"]
[SourceTitle "EXT 2011"]
[Source "ChessBase"]
[SourceDate "2010.11.26"]
[SourceVersion "1"]
[SourceVersionDate "2010.11.26"]
[SourceQuality "1"]
[WhiteTeam "Mako"]
[BlackTeam "Paks"]
[WhiteTeamCountry "HUN"]
[BlackTeamCountry "HUN"]

1. d4 Nf6 2. c4 e6 3. Nc3 Bb4 4. e3 0-0 5. Bd3 d5 6. Nf3 c5 7. 0-0 Nc6 8. a3 Bxc3 9. bxc3 Qc7 10. cxd5 exd5 11. a4 Re8 12. Ba3 c4 13. Bc2 Qa5 14. Qc1 Ne4 15. Bxe4 Rxe4 16. Nd2 Re8 17. e4 Be6 18. e5 Bf5 19. Bd6 Bd3 20. Re1 b5 21. axb5 Qxb5 22. Qa3 a5 23. Nf1 a4 24. Ne3 Ra5 25. Qc1 Ne7 26. Bc5 Qd7 27. Qb2 Nf5 28. Nxf5 Bxf5 29. Bb4 Ra6 30. Bd6 Rea8 31. h3 h5 1/2-1/2

[Event "HUN-chT 0809"]
[Site "Hungary"]
[Date "2009.01.11"]
[Round "5"]
[White "Lukacs, Peter"]
[Black "Fogarasi, Tibor"]
[Result "1/2-1/2"]
[WhiteElo "2423"]
[BlackElo "2426"]
[PlyCount "33"]
[EventDate "2008.10.26"]
[EventType "team-tourn"]
[EventRounds "11"]
[EventCountry "HUN"]
[SourceTitle "EXT 2010"]
[Source "ChessBase"]
[SourceDate "2010.11.25"]
[SourceVersion "1"]
[SourceVersionDate "2010.11.25"]
[SourceQuality "1"]
[WhiteTeam "Budapest MTK"]
[BlackTeam "MLTC"]
[WhiteTeamCountry "HUN"]
[BlackTeamCountry "HUN"]

1. d4 Nf6 2. c4 g6 3. Nc3 d5 4. Nf3 Bg7 5. e3 0-0 6. cxd5 Nxd5 7. Bc4 Nb6 8. Bb3 Nc6 9. 0-0 e5 10. d5 Na5 11. e4 Nbc4 12. Qe2 Nxb3 13. axb3 Nd6 14. Bg5 f6 15. Be3 f5 16. Bc5 f4 17. Nd2 1/2-1/2

[Event "HUN-chT 0809"]
[Site "Hungary"]
[Date "2008.10.26"]
[Round "1"]
[White "Lukacs, Peter"]
[Black "Kovacs, Gabor H"]
[Result "1/2-1/2"]
[WhiteElo "2423"]
[BlackElo "2490"]
[PlyCount "64"]
[EventDate "2008.10.26"]
[EventType "team-tourn"]
[EventRounds "11"]
[EventCountry "HUN"]
[SourceTitle "CBM 127 Extra"]
[Source "ChessBase"]
[SourceDate "2009.01.08"]
[SourceVersion "2"]
[SourceVersionDate "2009.01.28"]
[SourceQuality "1"]
[WhiteTeam "Budapest MTK"]
[BlackTeam "Haladas"]
[WhiteTeamCountry "HUN"]
[BlackTeamCountry "HUN"]

1. d4 d5 2. Nf3 Nf6 3. c4 e6 4. Nc3 Be7 5. Bg5 h6 6. Bxf6 Bxf6 7. e3 0-0 8. Rc1 c6 9. Bd3 Nd7 10. 0-0 dxc4 11. Bxc4 e5 12. h3 exd4 13. exd4 Nb6 14. Bb3 Re8 15. Re1 Rxe1+ 16. Qxe1 Bf5 17. Qe3 Qd7 18. Re1 Rd8 19. Ne5 Bxe5 20. dxe5 Qe7 21. Ne4 Be6 22. Nd6 Bxb3 23. axb3 Nc8 24. Nxc8 Rxc8 25. Qxa7 Rd8 26. Qe3 Rd5 27. f4 Qd7 28. Re2 Rd3 29. Qe4 Rd4 30. Qe3 Rd3 31. Qe4 Rd4 32. Qe3 Rd3 1/2-1/2

[Event "HUN-chT 0708"]
[Site "Hungary"]
[Date "2008.05.18"]
[Round "11"]
[White "Lukacs, Peter"]
[Black "Galyas, Miklos"]
[Result "1/2-1/2"]
[WhiteElo "2413"]
[BlackElo "2433"]
[PlyCount "23"]
[EventDate "2007.10.14"]
[EventType "team"]
[EventRounds "11"]
[EventCountry "HUN"]
[SourceTitle "EXT 2009"]
[Source "ChessBase"]
[SourceDate "2008.11.26"]
[SourceVersion "1"]
[SourceVersionDate "2008.11.26"]
[SourceQuality "1"]
[WhiteTeam "Postas/MTK"]
[BlackTeam "Decs"]
[WhiteTeamCountry "HUN"]
[BlackTeamCountry "HUN"]

1. d4 Nf6 2. Nf3 g6 3. c3 Bg7 4. Bg5 0-0 5. Nbd2 d5 6. e3 Nbd7 7. Be2 Re8 8. 0-0 e5 9. dxe5 Nxe5 10. Nxe5 Rxe5 11. Bf4 Re8 12. Qb3 1/2-1/2

[Event "HUN-chT 0708"]
[Site "Hungary"]
[Date "2007.12.16"]
[Round "5"]
[White "Vavrak, Peter"]
[Black "Lukacs, Peter"]
[Result "1/2-1/2"]
[WhiteElo "2454"]
[BlackElo "2413"]
[PlyCount "37"]
[EventDate "2007.10.14"]
[EventType "team"]
[EventRounds "11"]
[EventCountry "HUN"]
[SourceTitle "EXT 2009"]
[Source "ChessBase"]
[SourceDate "2008.11.26"]
[SourceVersion "1"]
[SourceVersionDate "2008.11.26"]
[SourceQuality "1"]
[WhiteTeam "Haladas"]
[BlackTeam "Postas/MTK"]
[WhiteTeamCountry "HUN"]
[BlackTeamCountry "HUN"]

1. d4 Nf6 2. c4 e6 3. Nf3 d5 4. Nc3 c6 5. Bg5 h6 6. Bxf6 Qxf6 7. e3 Nd7 8. Bd3 g6 9. 0-0 dxc4 10. Bxc4 Bg7 11. e4 e5 12. d5 Nb6 13. Bb3 Bg4 14. h3 Bxf3 15. Qxf3 Qxf3 16. gxf3 Ke7 17. Rfd1 Rhd8 18. dxc6 bxc6 19. Rac1 1/2-1/2

[Event "HUN-chT 0708"]
[Site "Hungary"]
[Date "2007.11.25"]
[Round "3"]
[White "Izsak, Gyula"]
[Black "Lukacs, Peter"]
[Result "1/2-1/2"]
[WhiteElo "2427"]
[BlackElo "2413"]
[PlyCount "36"]
[EventDate "2007.10.14"]
[EventType "team"]
[EventRounds "11"]
[EventCountry "HUN"]
[SourceTitle "EXT 2009"]
[Source "ChessBase"]
[SourceDate "2008.11.26"]
[SourceVersion "1"]
[SourceVersionDate "2008.11.26"]
[SourceQuality "1"]
[WhiteTeam "Statisztika"]
[BlackTeam "Postas/MTK"]
[WhiteTeamCountry "HUN"]
[BlackTeamCountry "HUN"]

1. d4 Nf6 2. Nf3 d5 3. c4 dxc4 4. e3 e6 5. Bxc4 c5 6. Nc3 a6 7. a4 Nc6 8. 0-0 Be7 9. Qe2 cxd4 10. Rd1 e5 11. exd4 exd4 12. Nxd4 Nxd4 13. Qe5 Qd6 14. Qxd4 Qxd4 15. Rxd4 Bc5 16. Rd1 0-0 17. h3 Be6 18. Bxe6 fxe6 1/2-1/2

[Event "HUN-chT 0607"]
[Site "Hungary"]
[Date "2007.05.20"]
[Round "11"]
[White "Lukacs, Peter"]
[Black "Horvath, Adam"]
[Result "0-1"]
[WhiteElo "2415"]
[BlackElo "2495"]
[PlyCount "68"]
[EventDate "2006.11.12"]
[EventType "team"]
[EventRounds "11"]
[EventCountry "HUN"]
[SourceTitle "EXT 2008"]
[Source "ChessBase"]
[SourceDate "2007.11.25"]
[SourceVersion "1"]
[SourceVersionDate "2007.11.25"]
[SourceQuality "1"]
[WhiteTeam "Postas/MTK"]
[BlackTeam "Csuti"]
[WhiteTeamCountry "HUN"]
[BlackTeamCountry "HUN"]

1. d4 Nf6 2. c4 e6 3. Nf3 d5 4. Nc3 dxc4 5. e3 a6 6. a4 c5 7. Bxc4 Nc6 8. 0-0 Be7 9. dxc5 Bxc5 10. Qxd8+ Kxd8 11. e4 Ng4 12. Bf4 f6 13. Rfd1+ Ke7 14. Bg3 Bd7 15. Rd2 Nge5 16. Rad1 Rhd8 17. Nxe5 Nxe5 18. Bb3 Rac8 19. Ne2 Rc6 20. Nf4 Rb6 21. Ba2 Rc8 22. Nh5 Bxa4 23. b3 Bb4 24. Rd4 Be8 25. Nxg7 Bc3 26. Bxe5 fxe5 27. R4d3 Bb5 28. Rh3 Be2 29. Rc1 Rbc6 30. Rxh7 Kf6 31. Nh5+ Kg6 32. Ng3 Bd4 33. Rxc6 Rxc6 34. Nxe2 Rc2 0-1

[Event "HUN-chT 0607"]
[Site "Hungary"]
[Date "2007.04.29"]
[Round "9"]
[White "Lukacs, Peter"]
[Black "Erdos, Viktor"]
[Result "1/2-1/2"]
[WhiteElo "2415"]
[BlackElo "2503"]
[PlyCount "31"]
[EventDate "2006.11.12"]
[EventType "team"]
[EventRounds "11"]
[EventCountry "HUN"]
[SourceTitle "EXT 2008"]
[Source "ChessBase"]
[SourceDate "2007.11.25"]
[SourceVersion "1"]
[SourceVersionDate "2007.11.25"]
[SourceQuality "1"]
[WhiteTeam "Postas/MTK"]
[BlackTeam "Mako"]
[WhiteTeamCountry "HUN"]
[BlackTeamCountry "HUN"]

1. d4 d5 2. c4 c6 3. Nf3 Nf6 4. Nc3 dxc4 5. a4 Bf5 6. Ne5 e6 7. f3 c5 8. e4 Bg6 9. Be3 cxd4 10. Qxd4 Qxd4 11. Bxd4 Nfd7 12. Nxd7 Nxd7 13. Bxc4 a6 14. Ke2 Rg8 15. Rhd1 Rc8 16. Ba2 1/2-1/2

[Event "HUN-chT 0607"]
[Site "Hungary"]
[Date "2007.04.15"]
[Round "8"]
[White "Lukacs, Peter"]
[Black "Seres, Lajos"]
[Result "1/2-1/2"]
[WhiteElo "2415"]
[BlackElo "2444"]
[PlyCount "25"]
[EventDate "2006.11.12"]
[EventType "team"]
[EventRounds "11"]
[EventCountry "HUN"]
[SourceTitle "EXT 2008"]
[Source "ChessBase"]
[SourceDate "2007.11.25"]
[SourceVersion "1"]
[SourceVersionDate "2007.11.25"]
[SourceQuality "1"]
[WhiteTeam "Postas/MTK"]
[BlackTeam "Taban Spartacus"]
[WhiteTeamCountry "HUN"]
[BlackTeamCountry "HUN"]

1. d4 Nf6 2. c4 e6 3. Nf3 c5 4. e3 d5 5. cxd5 exd5 6. Bb5+ Bd7 7. Bxd7+ Qxd7 8. 0-0 Nc6 9. b3 cxd4 10. Nxd4 Bd6 11. Nc3 0-0 12. Bb2 Rfe8 13. Nce2 1/2-1/2

[Event "HUN-chT 0607"]
[Site "Hungary"]
[Date "2006.11.12"]
[Round "1"]
[White "Lukacs, Peter"]
[Black "Hajnal, Zoltan"]
[Result "1/2-1/2"]
[WhiteElo "2415"]
[BlackElo "2437"]
[PlyCount "24"]
[EventDate "2006.11.12"]
[EventType "team"]
[EventRounds "11"]
[EventCountry "HUN"]
[SourceTitle "EXT 2008"]
[Source "ChessBase"]
[SourceDate "2007.11.25"]
[SourceVersion "1"]
[SourceVersionDate "2007.11.25"]
[SourceQuality "1"]
[WhiteTeam "Postas/MTK"]
[BlackTeam "Edeleny"]
[WhiteTeamCountry "HUN"]
[BlackTeamCountry "HUN"]

1. d4 d5 2. c4 c6 3. Nc3 dxc4 4. e4 b5 5. a4 b4 6. Na2 Nf6 7. e5 Nd5 8. Bxc4 e6 9. Nf3 Ba6 10. Qd3 Bxc4 11. Qxc4 Nb6 12. Qc2 Qd5 1/2-1/2

[Event "HUN-chT 0506"]
[Site "Hungary"]
[Date "2006.01.22"]
[Round "6"]
[White "Lukacs, Peter"]
[Black "Fogarasi, Tibor"]
[Result "1/2-1/2"]
[WhiteElo "2412"]
[BlackElo "2481"]
[PlyCount "21"]
[EventDate "2005.10.16"]
[EventType "team"]
[EventRounds "11"]
[EventCountry "HUN"]
[SourceTitle "EXT 2007"]
[Source "ChessBase"]
[SourceDate "2006.11.23"]
[SourceVersion "1"]
[SourceVersionDate "2006.11.23"]
[SourceQuality "1"]

1. d4 Nf6 2. c4 g6 3. Nc3 d5 4. Bf4 Bg7 5. e3 dxc4 6. Bxc4 0-0 7. Nf3 Nbd7 8. 0-0 c5 9. Bb3 cxd4 10. exd4 Nb6 11. Re1 1/2-1/2

[Event "HUN-chT 0506"]
[Site "Hungary"]
[Date "2005.11.27"]
[Round "4"]
[White "Borsos, Bogdan"]
[Black "Lukacs, Peter"]
[Result "1/2-1/2"]
[WhiteElo "2301"]
[BlackElo "2412"]
[PlyCount "45"]
[EventDate "2005.10.16"]
[EventType "team"]
[EventRounds "11"]
[EventCountry "HUN"]
[SourceTitle "EXT 2007"]
[Source "ChessBase"]
[SourceDate "2006.11.23"]
[SourceVersion "1"]
[SourceVersionDate "2006.11.23"]
[SourceQuality "1"]

1. e4 e5 2. Nf3 Nc6 3. Bb5 a6 4. Bxc6 dxc6 5. Nc3 f6 6. d4 exd4 7. Nxd4 c5 8. Nde2 Qxd1+ 9. Nxd1 Be6 10. Nf4 Bf7 11. Ne3 0-0-0 12. h4 Ne7 13. f3 Nc6 14. Bd2 Bd6 15. Ne2 Rhe8 16. 0-0-0 h5 17. Nf5 Bf8 18. Bc3 Rxd1+ 19. Rxd1 Nb4 20. a3 Na2+ 21. Kb1 Nxc3+ 22. Nxc3 b6 23. Nd5 1/2-1/2

[Event "HUN-chT 0506"]
[Site "Hungary"]
[Date "2005.11.13"]
[Round "3"]
[White "Lukacs, Peter"]
[Black "Butunoi, Alexandru Victor"]
[Result "1-0"]
[WhiteElo "2412"]
[BlackElo "2418"]
[PlyCount "53"]
[EventDate "2005.10.16"]
[EventType "team"]
[EventRounds "11"]
[EventCountry "HUN"]
[SourceTitle "EXT 2007"]
[Source "ChessBase"]
[SourceDate "2006.11.23"]
[SourceVersion "1"]
[SourceVersionDate "2006.11.23"]
[SourceQuality "1"]

1. d4 c5 2. d5 e5 3. c4 d6 4. e4 g6 5. Nc3 Bg7 6. Be2 Ne7 7. g4 Na6 8. h4 f5 9. h5 f4 10. g5 gxh5 11. Bxh5+ Ng6 12. Nf3 Nc7 13. Ke2 Bd7 14. a4 0-0 15. Bd2 b6 16. Qg1 a6 17. Qh2 Qc8 18. Bxg6 hxg6 19. Qh7+ Kf7 20. Nh4 Bg4+ 21. f3 Bh5 22. Nf5 gxf5 23. Rxh5 fxe4 24. g6+ Ke8 25. Qxg7 exf3+ 26. Kxf3 Ra7 27. Qxf8+ 1-0

[Event "HUN-chT 0506"]
[Site "Hungary"]
[Date "2005.10.30"]
[Round "2"]
[White "Sax, Gyula"]
[Black "Lukacs, Peter"]
[Result "1/2-1/2"]
[WhiteElo "2520"]
[BlackElo "2412"]
[PlyCount "40"]
[EventDate "2005.10.16"]
[EventType "team"]
[EventRounds "11"]
[EventCountry "HUN"]
[SourceTitle "EXT 2007"]
[Source "ChessBase"]
[SourceDate "2006.11.23"]
[SourceVersion "1"]
[SourceVersionDate "2006.11.23"]
[SourceQuality "1"]

1. e4 e5 2. Nf3 Nf6 3. Nxe5 d6 4. Nf3 Nxe4 5. Nc3 Nxc3 6. dxc3 Be7 7. Be3 0-0 8. Qd2 Nc6 9. 0-0-0 Ne5 10. Kb1 Be6 11. Nd4 Nc4 12. Bxc4 Bxc4 13. g4 Be6 14. Rhg1 Qd7 15. f4 Qa4 16. b3 Qa5 17. f5 Bd7 18. Bg5 Bxg5 19. Qxg5 Rfe8 20. Rge1 h6 1/2-1/2

[Event "HUN-chT 0405"]
[Site "Hungary"]
[Date "2005.04.10"]
[Round "10"]
[White "Lukacs, Peter"]
[Black "Berkes, Ferenc"]
[Result "0-1"]
[WhiteElo "2412"]
[BlackElo "2614"]
[PlyCount "90"]
[EventDate "2004.09.26"]
[EventType "team-tourn"]
[EventRounds "11"]
[EventCountry "HUN"]
[SourceTitle "EXT 2011"]
[Source "ChessBase"]
[SourceDate "2010.11.26"]
[SourceVersion "1"]
[SourceVersionDate "2010.11.26"]
[SourceQuality "1"]
[WhiteTeam "PMSE"]
[BlackTeam "Paks"]
[WhiteTeamCountry "HUN"]
[BlackTeamCountry "HUN"]

1. d4 Nf6 2. c4 e6 3. Nf3 c5 4. e3 d6 5. Nc3 Nbd7 6. g3 Qc7 7. Qe2 b6 8. Bg2 Bb7 9. 0-0 Be7 10. b3 a6 11. Bb2 0-0 12. Rfd1 Rfe8 13. Rac1 Rac8 14. d5 exd5 15. Nxd5 Nxd5 16. cxd5 Qd8 17. Nd2 Rb8 18. h3 b5 19. Kh2 Bf6 20. Ne4 Bxb2 21. Qxb2 Nb6 22. Nc3 Qf6 23. Rd2 b4 24. Nd1 Qg6 25. Qc2 Qxc2 26. Rcxc2 a5 27. e4 a4 28. Ne3 Ra8 29. f4 axb3 30. axb3 Ra3 31. Rb2 f6 32. g4 Ba6 33. Nf5 Rd8 34. Ne7+ Kf8 35. Nc6 Ra8 36. Rf2 c4 37. bxc4 b3 38. Nd4 Bxc4 39. Rf3 Na4 40. Rb1 Nc5 41. Rc3 R8a4 42. Nf5 Bd3 43. Rb2 Rc4 44. Rxc4 Bxc4 45. Nxd6 Bd3 0-1

[Event "HUN-chT 0405"]
[Site "Hungary"]
[Date "2005.03.06"]
[Round "9"]
[White "Kiss, Pal"]
[Black "Lukacs, Peter"]
[Result "1/2-1/2"]
[WhiteElo "2394"]
[BlackElo "2412"]
[PlyCount "50"]
[EventDate "2004.09.26"]
[EventType "team-tourn"]
[EventRounds "11"]
[EventCountry "HUN"]
[SourceTitle "EXT 2011"]
[Source "ChessBase"]
[SourceDate "2010.11.26"]
[SourceVersion "1"]
[SourceVersionDate "2010.11.26"]
[SourceQuality "1"]
[WhiteTeam "Hajduboszormeny"]
[BlackTeam "PMSE"]
[WhiteTeamCountry "HUN"]
[BlackTeamCountry "HUN"]

1. d4 d5 2. c4 c6 3. Nc3 Nf6 4. e3 e6 5. Nf3 Nbd7 6. Bd3 dxc4 7. Bxc4 b5 8. Bd3 a6 9. e4 c5 10. e5 cxd4 11. Nxb5 Nxe5 12. Nxe5 axb5 13. Bxb5+ Bd7 14. Nxd7 Qa5+ 15. Bd2 Qxb5 16. Nxf8 Rxf8 17. a4 Qc4 18. b3 Qd3 19. Qf3 Qe4+ 20. Qxe4 Nxe4 21. b4 Ke7 22. f3 Nc3 23. Bxc3 dxc3 24. Ke2 Rfd8 25. Rhd1 c2 1/2-1/2

[Event "AUT-chT2O 0405"]
[Site "Austria"]
[Date "2005.02.25"]
[Round "7.2"]
[White "Theissl Pokorna, Regina"]
[Black "Lukacs, Peter"]
[Result "1/2-1/2"]
[WhiteElo "2370"]
[BlackElo "2412"]
[PlyCount "60"]
[EventDate "2004.10.09"]
[EventType "team-tourn"]
[EventRounds "11"]
[EventCountry "AUT"]
[SourceTitle "EXT 2005"]
[Source "ChessBase"]
[SourceDate "2004.11.15"]
[SourceVersion "1"]
[SourceVersionDate "2004.11.15"]
[SourceQuality "1"]
[WhiteTeam "Wien Austria"]
[BlackTeam "Neustaed SV"]
[WhiteTeamCountry "AUT"]
[BlackTeamCountry "AUT"]

1. e4 e5 2. Nf3 Nc6 3. d4 exd4 4. Nxd4 Bc5 5. Be3 Qf6 6. c3 Nge7 7. Bc4 Ne5 8. Be2 Qg6 9. 0-0 d6 10. f3 0-0 11. Nd2 d5 12. Kh1 dxe4 13. fxe4 Bg4 14. Bf4 Bxe2 15. Qxe2 Bd6 16. Nb5 N7c6 17. Rad1 Rfe8 18. Nxd6 Qxd6 19. Nf3 Qg6 20. Bxe5 Nxe5 21. Nxe5 Rxe5 22. Rd7 Rxe4 23. Qf3 Rae8 24. Rxf7 h6 25. h3 b6 26. Qf5 Qxf5 27. R1xf5 Re2 28. Rd7 Rf8 29. Rxf8+ Kxf8 30. Rxc7 a5 1/2-1/2

[Event "AUT-chT2O 0203"]
[Site "Austria"]
[Date "2003.01.25"]
[Round "6.3"]
[White "Lukacs, Peter"]
[Black "Schneider Zinner, Harald"]
[Result "1-0"]
[WhiteElo "2420"]
[BlackElo "2353"]
[PlyCount "51"]
[EventDate "2002.10.25"]
[EventType "team-tourn"]
[EventRounds "11"]
[EventCountry "AUT"]
[SourceTitle "EXT 2020"]
[Source "ChessBase"]
[SourceDate "2019.10.17"]
[SourceVersion "1"]
[SourceVersionDate "2019.10.17"]
[SourceQuality "1"]
[WhiteTeam "Wiener Neustadt"]
[BlackTeam "Donaustadt"]
[WhiteTeamCountry "AUT"]
[BlackTeamCountry "AUT"]

1. d4 e6 2. c4 Nf6 3. Nf3 b6 4. e3 Bb7 5. Bd3 d5 6. 0-0 Nbd7 7. Nc3 Bd6 8. cxd5 exd5 9. Qc2 0-0 10. Nb5 Qe7 11. Nxd6 Qxd6 12. b3 c5 13. Ba3 Rac8 14. Rac1 Ne4 15. Qe2 Qe6 16. Rc2 Rc7 17. Rfc1 Rfc8 18. Bb2 Qd6 19. Qd1 Rc6 20. dxc5 bxc5 21. Bxe4 dxe4 22. Rd2 Qb8 23. Nh4 Nf6 24. Nf5 Qc7 25. Bxf6 Rxf6 26. Rd7 1-0

[Event "Budapest FS12 GM"]
[Site "Budapest"]
[Date "2002.12.14"]
[Round "8"]
[White "Lukacs, Peter"]
[Black "Horvath, Peter"]
[Result "0-1"]
[WhiteElo "2420"]
[BlackElo "2482"]
[PlyCount "46"]
[EventDate "2002.12.07"]
[EventType "tourn"]
[EventRounds "11"]
[EventCountry "HUN"]
[EventCategory "7"]
[SourceTitle "CBM 091 Extra"]
[Source "ChessBase"]
[SourceDate "2003.01.09"]
[SourceVersion "1"]
[SourceVersionDate "2003.01.09"]
[SourceQuality "1"]

1. d4 d5 2. c4 e6 3. Nf3 Nf6 4. Nc3 Bb4 5. Bg5 h6 6. Bxf6 Qxf6 7. e3 0-0 8. Rc1 Nc6 9. Qb3 a5 10. a3 a4 11. Qc2 Ba5 12. Be2 dxc4 13. Bxc4 e5 14. d5 Nd4 15. Qd1 Bg4 16. exd4 e4 17. h3 exf3 18. hxg4 fxg2 19. Rg1 Rfe8+ 20. Be2 Qf3 21. Rc2 Re7 22. Kd2 Qxf2 23. Kc1 Rae8 0-1

[Event "Budapest FS12 GM"]
[Site "Budapest"]
[Date "2002.12.13"]
[Round "7"]
[White "Anka, Emil"]
[Black "Lukacs, Peter"]
[Result "1/2-1/2"]
[WhiteElo "2462"]
[BlackElo "2420"]
[PlyCount "34"]
[EventDate "2002.12.07"]
[EventType "tourn"]
[EventRounds "11"]
[EventCountry "HUN"]
[EventCategory "7"]
[SourceTitle "CBM 091 Extra"]
[Source "ChessBase"]
[SourceDate "2003.01.09"]
[SourceVersion "1"]
[SourceVersionDate "2003.01.09"]
[SourceQuality "1"]

1. e4 e5 2. Nf3 Nc6 3. Bb5 a6 4. Ba4 Nf6 5. 0-0 Be7 6. Re1 b5 7. Bb3 0-0 8. c3 d5 9. exd5 Nxd5 10. Nxe5 Nxe5 11. Rxe5 c6 12. Bxd5 cxd5 13. d4 Bd6 14. Re3 Qh4 15. h3 Qf4 16. Re5 Qf6 17. Re3 Qf4 1/2-1/2

[Event "Budapest FS12 GM"]
[Site "Budapest"]
[Date "2002.12.11"]
[Round "5"]
[White "Szeberenyi, Adam"]
[Black "Lukacs, Peter"]
[Result "1/2-1/2"]
[WhiteElo "2367"]
[BlackElo "2420"]
[PlyCount "27"]
[EventDate "2002.12.07"]
[EventType "tourn"]
[EventRounds "11"]
[EventCountry "HUN"]
[EventCategory "7"]
[SourceTitle "CBM 091 Extra"]
[Source "ChessBase"]
[SourceDate "2003.01.09"]
[SourceVersion "1"]
[SourceVersionDate "2003.01.09"]
[SourceQuality "1"]

1. d4 Nf6 2. c4 e6 3. Nf3 d5 4. Nc3 c6 5. e3 Nbd7 6. Qc2 Bd6 7. Bd3 0-0 8. 0-0 dxc4 9. Bxc4 a6 10. a4 c5 11. Rd1 Qc7 12. Ne4 Nxe4 13. Qxe4 Be7 14. Bd3 1/2-1/2

[Event "AUT-chT2O 0203"]
[Site "Austria"]
[Date "2002.11.24"]
[Round "5.2"]
[White "Lukacs, Peter"]
[Black "Staudner, Oliver"]
[Result "1/2-1/2"]
[WhiteElo "2420"]
[BlackElo "2360"]
[PlyCount "42"]
[EventDate "2002.10.25"]
[EventType "team-tourn"]
[EventRounds "11"]
[EventCountry "AUT"]
[SourceTitle "EXT 2020"]
[Source "ChessBase"]
[SourceDate "2019.10.17"]
[SourceVersion "1"]
[SourceVersionDate "2019.10.17"]
[SourceQuality "1"]
[WhiteTeam "Wiener Neustadt"]
[BlackTeam "Wien Austria"]
[WhiteTeamCountry "AUT"]
[BlackTeamCountry "AUT"]

1. d4 d5 2. c4 Nc6 3. Nc3 dxc4 4. Nf3 Nf6 5. e3 e5 6. d5 Ne7 7. Bxc4 Ng6 8. Bb5+ Bd7 9. Qb3 Rb8 10. 0-0 Bd6 11. Bxd7+ Qxd7 12. Nd2 0-0 13. Nde4 Nxe4 14. Nxe4 f5 15. Ng5 Rf6 16. g3 h6 17. Ne6 c6 18. e4 cxd5 19. exd5 Nf8 20. Nxf8 Rfxf8 21. Be3 a6 1/2-1/2

[Event "AUT-chT2O 0203"]
[Site "Austria"]
[Date "2002.10.27"]
[Round "3.2"]
[White "Lipka, Juraj"]
[Black "Lukacs, Peter"]
[Result "1/2-1/2"]
[WhiteElo "2432"]
[BlackElo "2420"]
[PlyCount "27"]
[EventDate "2002.10.25"]
[EventType "team-tourn"]
[EventRounds "11"]
[EventCountry "AUT"]
[SourceTitle "EXT 2020"]
[Source "ChessBase"]
[SourceDate "2019.10.17"]
[SourceVersion "1"]
[SourceVersionDate "2019.10.17"]
[SourceQuality "1"]
[WhiteTeam "Mattersburg"]
[BlackTeam "Wiener Neustadt"]
[WhiteTeamCountry "AUT"]
[BlackTeamCountry "AUT"]

1. e4 e5 2. Nf3 Nc6 3. Bb5 a6 4. Bxc6 dxc6 5. 0-0 f6 6. d4 Bg4 7. dxe5 Qxd1 8. Rxd1 fxe5 9. Nbd2 0-0-0 10. Re1 Bd6 11. h3 Bh5 12. Nh4 Ne7 13. Nf5 Bg6 14. Nxe7+ 1/2-1/2